00759nam a2200181 a 450000100100000000500170001000800410002702000150006804000250008310000280010824500630013626000420019930000210024150000700026295201110033295201170044399900170056000003784220201002031126.0130307m2012 mx 000 0 spa d a9685146187 aDO-SdBNPbspacBNPHU1 aQuiroga, Horacio96008610aCuentos de amor, de locura y de muerte /cHoracio Quiroga. aMéxico :bEdiciones Leyenda,c2012. a142 p. ;c22 cm. aIncluye datos biográficos del autor en la solapa de la cubierta 001054708MOaGRbGRcCTd2013-03-07iLF1l0o p37842-10r2020-06-25w2020-06-25y4ZPréstamo en sala 001054728MOaGRbGRcCTd2013-03-07iLF1l0o p37842-20r2020-06-25te. 2w2020-06-25y4ZPréstamo en sala c37332d37332